01043nam a2200217 a 450000100100000000500170001000800410002702000150006804000250008310000380010824501440014626000620029030000210035249000810037350000730045470000430052770000470057083000860061795201050070399900170080800004146520201002034919.0131007s1977 sp 001 0 spa d a8400036123 aDO-SdBNPbspacBNPHU1 aPadilla Altamirano, Silvia96814413aLa encomienda en popayan :btres estudios /cSilvia Padilla Altamirano, María Luisa López Arellano, Adolfo Luis González Rodríguez. aSevilla :bEscuela de Estudios Hispanoamericanos.,c1977. a393 p. ;c25 cm.1 aPublicaciones de la Escuela de Estudios Hispano-Americanos de Sevilla ;v328 aIncluye referencias bibliográficas y notas al pie de las páginas1 aLópez Arellano, María Luisa9681451 aGonzález Rodríguez, Adolfo Luis928352 0aPublicaciones de la Escuela de Estudios Hispano-Americanos de Sevillav238930488 001050718MOaGRbGRcCTd2013-10-07iLF1l0o p41465-10r2020-06-25w2020-06-25y1ZNo se presta c40955d40955